| 000 | 00493nam a2200169Ia 4500 | ||
|---|---|---|---|
| 999 |
_c36573 _d36573 |
||
| 003 | OSt | ||
| 005 | 20201215114618.0 | ||
| 008 | 190216s9999||||xx |||||||||||||| ||und|| | ||
| 040 | _coclc | ||
| 082 |
_a894.8128 _bPIL/P |
||
| 100 |
_aPillai, P Balakrishna _97511 |
||
| 245 | 0 |
_aPrathyaksha Jathakom / _cP Balakrishna Pillai |
|
| 260 |
_bCurrent Books, _aKottayam: _c1995. |
||
| 300 | _a128p | ||
| 650 | _aMalayalam | ||
| 942 |
_cREF _2ddc _h894.8128 _iPIL/P _k894.8128 _mPIL/P |
||